| 000 | 00979nam a22002777a 4500 | ||
|---|---|---|---|
| 001 | 8148 | ||
| 003 | FISKH | ||
| 005 | 20250828132326.0 | ||
| 008 | 250828b cb ||||| |||| 00| 0 eng d | ||
| 020 | _a0553542125 | ||
| 040 |
_aFISKH _beng _cFISKH _dFISKH |
||
| 082 | _a813.5 | ||
| 100 | _aStone, Tom B. | ||
| 245 |
_aSlime lake / _cBy Tom B. Stone |
||
| 260 |
_aNew York : _bA Skylark Book , _c1995. |
||
| 300 |
_a103 pages : _billustrations ; _c19 cm . |
||
| 490 |
_aGraveyard school _v7 |
||
| 505 | _aP | ||
| 520 | _aMarc and his twin sister Terri always spend the summer at their uncle's isolated lake house. But this year there's something different about the lake. Why is there green gunk everywhere? What is lurking by the lake? And where did Terri disappear to? | ||
| 521 | 8 |
_a650
_bLexile estimate |
|
| 521 | 8 |
_aP
_bRaz-Plus |
|
| 650 |
_alake monsters _vFiction |
||
| 650 |
_aSummer vacation _vFiction |
||
| 942 |
_2ddc _cBK _n0 |
||
| 999 |
_c8148 _d8148 |
||